000 00587nam a2200229Ia 4500
005 20250425162219.0
008 250425s9999 xx 000 0 und d
020 _a0201824981
041 _aeng
082 _a621.48
100 _aLAMARSH, JOHN R
245 0 _aINTRODUCTION TO NUCLEAR ENGINEERING
250 _a3RD ED.
260 _aEstados Unidos
_bPRENTICE HALL
_c2001
260 _aS.L.
300 _a783
500 _aEN CIBGZ-FIMCP 50494
_89.00 PARA ING. MECANICA.- MHP.
650 _aFISICA NUCLEAR
650 _aINGENIERIA NUCLEAR
942 _c01
010 _a57154
999 _c224661
_d224661